[Event "SR 3. liga A2 2010/2011"]
[Site "?"]
[Date "2011.03.13"]
[Round "10.1"]
[White "Blatnicky, Miroslav"]
[Black "Lesny, Stefan"]
[Result "1/2-1/2"]
[WhiteElo "2119"]
[BlackElo "2100"]
[PlyCount "99"]
[EventDate "2010.??.??"]
[WhiteTeam "Slovakia"]
[BlackTeam "II"]
[WhiteTeamCountry "SVK"]
[BlackTeamCountry "SVK"]

1. d4 d5 2. c4 e6 3. Nc3 c6 4. Nf3 f5 5. Bg5 Nf6 6. e3 Nbd7 7. Be2 Bd6 8. O-O
O-O 9. cxd5 exd5 10. Qc2 Qe8 11. Nd2 Qg6 12. Bh4 Ng4 13. Bxg4 Qxg4 14. Bg3 f4
15. f3 Qg5 16. exf4 Bxf4 17. Bxf4 Qxf4 18. Ne2 Qe3+ 19. Rf2 Nf6 20. Nf1 Qe7 21.
Neg3 Be6 22. Re2 Qd7 23. Rae1 Rae8 24. Qa4 a6 25. Qb4 Kf7 26. Nd2 Qc7 27. Nb3
Bc8 28. Nc5 Rxe2 29. Rxe2 Re8 30. Nd3 Rxe2 31. Nxe2 Qe7 32. Ne5+ Ke8 33. Qc3
Nd7 34. f4 Nxe5 35. fxe5 Qg5 36. Kf2 Bg4 37. Qe3 Qxe3+ 38. Kxe3 Bxe2 39. Kxe2
Ke7 40. b4 Ke6 41. Kd3 b6 42. a4 a5 43. Kc3 Kf5 44. g4+ Ke6 45. h4 g6 46. bxa5
bxa5 47. Kd3 h6 48. Ke3 g5 49. hxg5 hxg5 50. Kd3 1/2-1/2

[Event "SR 3. liga A2 2010/2011"]
[Site "?"]
[Date "2011.03.13"]
[Round "10.1"]
[White "Horak, Ivan"]
[Black "Janko, Michal"]
[Result "1/2-1/2"]
[WhiteElo "2080"]
[BlackElo "2274"]
[PlyCount "97"]
[EventDate "2010.??.??"]
[WhiteTeam "Slovakia"]
[BlackTeam "II"]
[WhiteTeamCountry "SVK"]
[BlackTeamCountry "SVK"]

1. e4 g6 2. d4 Bg7 3. Nc3 d6 4. Be3 a6 5. Qd2 b5 6. O-O-O Bb7 7. f3 Nd7 8. h4
h5 9. Nh3 Rc8 10. Nf2 c5 11. dxc5 Nxc5 12. Nd5 Bxd5 13. exd5 Qc7 14. Bxc5 Qxc5
15. Ne4 Bh6 16. Nxc5 Bxd2+ 17. Rxd2 Rxc5 18. b4 Rc7 19. a4 Rb7 20. axb5 axb5
21. Kb2 Kd7 22. Be2 Nh6 23. Bd3 Ra8 24. Ra1 Rxa1 25. Kxa1 Kc7 26. Kb2 Kb6 27.
Rd1 Ra7 28. Rg1 Ng8 29. Be2 Nf6 30. Rd1 Ra8 31. c3 Rg8 32. g4 hxg4 33. fxg4 Rh8
34. h5 gxh5 35. gxh5 Rh7 36. Bf3 Nxh5 37. Re1 Nf4 38. Rxe7 Nd3+ 39. Kc2 Ne5 40.
Be2 Rh2 41. Kd1 Rh8 42. Kd2 Ra8 43. Ke3 Ra3 44. Kd2 Ra2+ 45. Kd1 Ra8 46. Kc2
Rh8 47. Kd2 Ra8 48. Kc2 Ra2+ 49. Kd1 1/2-1/2

[Event "SR 3. liga A2 2010/2011"]
[Site "?"]
[Date "2011.03.13"]
[Round "10.1"]
[White "Jablonicky, Frantisek"]
[Black "Pribila, Gerhard"]
[Result "1-0"]
[WhiteElo "2150"]
[BlackElo "2032"]
[PlyCount "73"]
[EventDate "2010.??.??"]
[WhiteTeam "Slovakia"]
[BlackTeam "II"]
[WhiteTeamCountry "SVK"]
[BlackTeamCountry "SVK"]

1. Nf3 d5 2. d4 Nf6 3. c4 e6 4. g3 dxc4 5. Bg2 a6 6. a4 c5 7. e3 Nc6 8. O-O Be7
9. Na3 Na5 10. Ne5 Nb3 11. Rb1 cxd4 12. Naxc4 Nxc1 13. Rxc1 O-O $11 14. exd4
Nd5 15. Qb3 Bd7 16. Bxd5 exd5 17. Nb6 Bh3 18. Nxa8 Bxf1 19. Kxf1 Qxa8 20. Qxd5
b5 21. Qxa8 Rxa8 22. a5 Bd6 23. Nd3 Kf8 24. Rc6 Ke7 25. Nc5 Bxc5 26. dxc5 b4
27. Ke2 Kd7 28. Rd6+ Kc7 29. Kd3 b3 30. Kc3 Re8 31. Rxa6 Re5 32. Ra7+ Kc6 33.
Rxf7 Rxc5+ 34. Kb4 Rb5+ 35. Ka4 Rd5 36. a6 Kb6 37. a7 1-0

[Event "SR 3. liga A2 2010/2011"]
[Site "?"]
[Date "2011.03.13"]
[Round "10.1"]
[White "Kapusta, Petr"]
[Black "Cechovic, Stefan"]
[Result "0-1"]
[WhiteElo "2172"]
[BlackElo "2190"]
[PlyCount "110"]
[EventDate "2010.??.??"]
[WhiteTeam "Slovakia"]
[BlackTeam "II"]
[WhiteTeamCountry "SVK"]
[BlackTeamCountry "SVK"]

1. e4 c6 2. d4 d6 3. Nf3 Bg4 4. Bc4 e6 5. d5 cxd5 6. exd5 e5 7. h3 Bh5 8. Nc3
Be7 9. g4 Bg6 10. h4 h6 11. Qe2 Nd7 12. Be3 Ngf6 13. h5 Bh7 14. g5 hxg5 15.
Nxg5 Bf5 16. O-O-O Bg4 17. f3 Bxh5 18. Qg2 Qa5 19. Rd3 Rg8 20. Nb5 a6 21. Ra3
Qd8 22. Rxh5 axb5 23. Ne6 Rxa3 24. bxa3 Qa5 25. Nxg7+ Rxg7 26. Rh8+ Rg8 27.
Rxg8+ Nxg8 28. Qxg8+ Nf8 29. Bd3 Qe1+ 30. Kb2 Qxe3 31. Bxb5+ Kd8 32. Qxf7 Qd4+
33. Kb1 Qg1+ 34. Kb2 Qg6 35. Qxg6 Nxg6 36. a4 Kc7 37. a5 Nf4 38. Bc4 Bh4 39.
Kb3 Bf2 40. Kb4 Ng2 41. Bd3 Be1+ 42. Kb5 Ne3 43. c4 Nd1 44. c5 Nc3+ 45. Kc4
Nxa2 46. a6 bxa6 47. c6 Kb6 48. Bf1 Nb4 49. Bh3 a5 50. Bd7 Na6 51. Bf5 Nc5 52.
Be4 Nxe4 53. fxe4 Bh4 54. Kb3 Bd8 55. Kc4 Bc7 0-1

[Event "SR 3. liga A2 2010/2011"]
[Site "?"]
[Date "2011.03.13"]
[Round "10.1"]
[White "Mihalik, Marek"]
[Black "Gasa, Andrej"]
[Result "0-1"]
[WhiteElo "2080"]
[BlackElo "2256"]
[PlyCount "88"]
[EventDate "2010.??.??"]
[WhiteTeam "Slovakia"]
[BlackTeam "II"]
[WhiteTeamCountry "SVK"]
[BlackTeamCountry "SVK"]

1. d4 Nf6 2. c4 e6 3. Nf3 b6 4. Nc3 Bb7 5. Bg5 h6 6. Bh4 Be7 7. e3 O-O 8. Bd3
c5 9. O-O Nc6 10. dxc5 bxc5 11. Rc1 Re8 12. Qe2 Qa5 13. Rfd1 Rad8 14. Bb1 d6
15. Nb5 d5 16. cxd5 exd5 17. Na3 Nb4 18. Qb5 Qb6 19. Rd2 Ba6 20. Qa4 Nd7 21.
Bxe7 Rxe7 22. Qd1 Nf6 23. Ne1 Rde8 24. Nac2 Nc6 25. b3 Ne4 26. Rxd5 Nc3 27. Qd2
Nxd5 28. Qxd5 Re5 29. Qf3 Bb7 30. Nd3 Nb4 31. Qe2 Nxd3 32. Qxd3 Be4 33. Qc4 Qg6
34. Qf1 Bxg2 35. Ne1 Be4+ 36. Ng2 Rg5 37. Bxe4 Rxe4 38. f4 Rd5 39. Kh1 Qg4 40.
Re1 Rd2 41. a4 f5 42. Rc1 Kh7 43. Rb1 Re6 44. Rc1 Red6 0-1

[Event "SR 3. liga A2 2010/2011"]
[Site "?"]
[Date "2011.03.13"]
[Round "10.1"]
[White "Stetina, Erik"]
[Black "Veselsky, Jozef"]
[Result "0-1"]
[WhiteElo "2025"]
[BlackElo "2118"]
[PlyCount "98"]
[EventDate "2010.??.??"]
[WhiteTeam "Slovakia"]
[BlackTeam "II"]
[WhiteTeamCountry "SVK"]
[BlackTeamCountry "SVK"]

1. e4 c5 2. Ne2 Nc6 3. Nbc3 g6 4. g3 Bg7 5. Bg2 d6 6. O-O Nf6 7. d3 O-O 8. h3
Rb8 9. f4 Bd7 10. a4 a6 11. Be3 b5 12. axb5 axb5 13. Qd2 b4 14. Nd1 Qc7 15. g4
Ra8 16. Rxa8 Rxa8 17. f5 Ra2 18. Nf4 Ne5 19. g5 Ne8 20. Nd5 Qd8 21. f6 Bf8 22.
fxe7 Bxe7 23. Nxe7+ Qxe7 24. d4 Nc4 25. Qf2 Bb5 26. Re1 Nxe3 27. Qxe3 Ra1 28.
dxc5 dxc5 29. e5 Bd7 30. h4 Nc7 31. Qf4 Bf5 32. Qd2 Nb5 33. c3 Qd7 34. Qxd7
Bxd7 35. Kf2 Be6 36. Bf3 Bb3 37. Be2 Nc7 38. Bf3 Rb1 39. cxb4 cxb4 40. Ne3
Rxb2+ 41. Re2 Rxe2+ 42. Kxe2 Be6 43. Kd3 Kf8 44. Ng4 b3 45. Nf6 Nb5 46. Be4 Ke7
47. Nd5+ Bxd5 48. Bxd5 b2 49. Ba2 Na3 0-1

[Event "SR 3. liga A2 2010/2011"]
[Site "?"]
[Date "2011.03.13"]
[Round "10.2"]
[White "Janko, Ladislav"]
[Black "Sefcik, Marek"]
[Result "1-0"]
[WhiteElo "2239"]
[BlackElo "2025"]
[PlyCount "99"]
[EventDate "2010.??.??"]
[WhiteTeam "Slovakia"]
[BlackTeam "II"]
[WhiteTeamCountry "SVK"]
[BlackTeamCountry "SVK"]

1. e4 d5 2. Nc3 Nf6 3. exd5 Nxd5 4. Bc4 c6 5. Qf3 Be6 6. Nge2 Nc7 7. Bxe6 Nxe6
8. d3 Na6 9. Bd2 g6 10. O-O-O Bg7 11. h4 h5 12. Rde1 Nac7 13. Qe4 Nd5 14. f4
Qd7 15. f5 gxf5 16. Qxf5 Nf6 17. Rhf1 O-O-O 18. Qa5 b6 19. Qa6+ Qb7 20. Qxb7+
Kxb7 21. Nf4 Rd6 22. Nxe6 fxe6 23. Bg5 e5 24. Rxe5 Nd5 25. Re2 Bxc3 26. bxc3
Rh7 27. c4 Nf6 28. Bxf6 exf6 29. Ref2 Rh6 30. Re1 Rh7 31. Kd2 Kc7 32. Re4 Kd7
33. Kc3 c5 34. Kd2 Rg7 35. Ke2 Re6 36. Rxe6 Kxe6 37. Kf3 Rg4 38. g3 f5 39. Re2+
Kd6 40. Re8 f4 41. gxf4 Rxh4 42. f5 Rg4 43. Re6+ Kd7 44. Rh6 Rh4 45. Re6 Rd4
46. Re4 Rd6 47. Kf4 Rh6 48. Kg5 Rh8 49. f6 Kd6 50. f7 1-0

[Event "SR 3. liga A2 2010/2011"]
[Site "?"]
[Date "2011.03.13"]
[Round "10.2"]
[White "Kocak, Branislav"]
[Black "Sekera, Branislav"]
[Result "0-1"]
[WhiteElo "1927"]
[BlackElo "2149"]
[PlyCount "162"]
[EventDate "2010.??.??"]
[WhiteTeam "Slovakia"]
[BlackTeam "II"]
[WhiteTeamCountry "SVK"]
[BlackTeamCountry "SVK"]

1. d4 d5 2. c4 e6 3. Nf3 Nf6 4. Bg5 Be7 5. Nc3 O-O 6. e3 c6 7. Bd3 Nbd7 8. O-O
Re8 9. e4 dxe4 10. Nxe4 Nxe4 11. Bxe7 Qxe7 12. Bxe4 Nf6 13. Re1 Nxe4 14. Rxe4
b6 15. Re3 Bb7 16. Qe2 Rad8 17. Rd1 Qb4 18. c5 Qb5 19. Qxb5 cxb5 20. cxb6 axb6
21. Rb3 Rd5 22. Rc1 Re7 23. a4 bxa4 24. Rxb6 f6 25. Rb4 Ra5 26. Nd2 Bd5 27. f3
a3 28. bxa3 Rxa3 29. Nc4 Ra2 30. Ne3 Rd2 31. Rc2 Rd3 32. Kf2 Bb7 33. Rcb2 Bc6
34. Ke2 Ra3 35. Nc2 Ra5 36. Rb6 Bd5 37. Ne3 h6 38. Nxd5 Rxd5 39. Ke3 Rdd7 40.
g3 Kf7 41. h4 Kg6 42. R6b5 Ra7 43. R5b4 h5 44. R2b3 Kh6 45. f4 Kg6 46. Kf3 Ra1
47. Rb1 Rea7 48. Rxa1 Rxa1 49. Rb6 Ra3+ 50. Kf2 Kf5 51. Rb5+ Kg4 52. Rb6 Rxg3
53. Rxe6 Kxf4 54. Ke2 Kf5 55. d5 Rg4 56. Ke3 Rxh4 57. Re7 Rh1 58. Rxg7 Ke5 59.
Rg6 Rf1 60. Rh6 Rf5 61. d6 Kxd6 62. Kd4 Ke6 63. Ke4 Ra5 64. Rh8 Ra4+ 65. Kf3 h4
66. Rb8 Kf5 67. Rb5+ Kg6 68. Rb8 Kg5 69. Rg8+ Kf5 70. Rh8 Ra3+ 71. Kg2 Kg4 72.
Rg8+ Kf4 73. Rb8 f5 74. Rb7 Rg3+ 75. Kf2 Ra3 76. Rb4+ Kg5 77. Rb8 Kg4 78. Rg8+
Kf4 79. Rh8 Ra2+ 80. Kg1 Kf3 81. Rxh4 Kg3 0-1

[Event "SR 3. liga A2 2010/2011"]
[Site "?"]
[Date "2011.03.13"]
[Round "10.2"]
[White "Liptak, Dusan"]
[Black "Strakac, Petr"]
[Result "1-0"]
[WhiteElo "2086"]
[BlackElo "2046"]
[PlyCount "129"]
[EventDate "2010.??.??"]
[WhiteTeam "Slovakia"]
[BlackTeam "II"]
[WhiteTeamCountry "SVK"]
[BlackTeamCountry "SVK"]

1. f4 Nf6 2. Nf3 e6 3. e3 b6 4. Be2 Bb7 5. O-O Be7 6. b3 O-O 7. Bb2 d5 8. c4
Nbd7 9. Ne5 Ne4 10. d3 Nd6 11. Bf3 Nf5 12. Qe2 Nh4 13. Nd2 Nf6 14. g4 Nxf3+ 15.
Ndxf3 Ne8 16. cxd5 Bxd5 17. e4 Bb7 18. Rac1 c5 19. g5 Nd6 20. Nc4 Rc8 21. Ba1
f6 22. h4 Nb5 23. Qe3 Qe8 24. a4 Nc7 25. Rc2 Qh5 26. Rg2 Kf7 27. Qe2 Ke8 28.
Ne3 Rd8 29. Ng4 Ba6 30. Ne1 Qf7 31. gxf6 Bxf6 32. Nxf6+ gxf6 33. Rf3 Ke7 34.
Rfg3 Rg8 35. Kh2 Rg6 36. f5 Rxg3 37. Rxg3 e5 38. Qg2 Ne8 39. Qb2 Qh5 40. Kh3
Qd1 41. Qc3 Rd4 42. Bb2 Kf7 43. Ba3 Ng7 44. Bxc5 Nh5 45. Bxd4 Nxg3 46. Qc7+ Ke8
47. Qc6+ Kf7 48. Qe6+ Kg7 49. Bxe5 fxe5 50. Qxe5+ Kf7 51. Qxg3 Qc1 52. e5 h5
53. Qg6+ Ke7 54. Qg5+ Qxg5 55. hxg5 Bc8 56. e6 Kd6 57. Nf3 Bb7 58. Kg3 Bd5 59.
g6 Ke7 60. Nd4 a5 61. Kh4 Kf6 62. Kxh5 Bg2 63. Kh6 b5 64. axb5 Ke5 65. Nc6+ 1-0

[Event "SR 3. liga A2 2010/2011"]
[Site "?"]
[Date "2011.03.13"]
[Round "10.2"]
[White "Merva, Frantisek"]
[Black "Hirmajer, Jan"]
[Result "1/2-1/2"]
[WhiteElo "2038"]
[BlackElo "2030"]
[PlyCount "80"]
[EventDate "2010.??.??"]
[WhiteTeam "Slovakia"]
[BlackTeam "II"]
[WhiteTeamCountry "SVK"]
[BlackTeamCountry "SVK"]

1. d4 Nf6 2. Nf3 g6 3. g3 Bg7 4. Bg2 O-O 5. O-O d6 6. c4 Nc6 7. d5 Na5 8. Qa4
c5 9. Bd2 b6 10. Bc3 Bd7 11. Qc2 Bf5 12. Qc1 Rb8 13. Nbd2 b5 14. b3 b4 15. Bb2
Nb7 16. Re1 Bh6 17. Qd1 Bd7 18. e4 a5 19. e5 Ne8 20. Ne4 Bg4 21. Qc2 Bxf3 22.
Bxf3 dxe5 23. Bxe5 Ned6 24. Rad1 Bg7 25. Bxg7 Kxg7 26. Qb2+ Kg8 27. Qe5 Nxe4
28. Bxe4 Nd6 29. Bc2 Re8 30. h4 h5 31. Qe3 Qc8 32. Qh6 Qg4 33. Re5 Nf5 34. Bxf5
Qxd1+ 35. Kg2 Rb6 36. Re6 Rxe6 37. dxe6 gxf5 38. Qg5+ Kf8 39. Qh6+ Kg8 40. Qg5+
Kf8 1/2-1/2

[Event "SR 3. liga A2 2010/2011"]
[Site "?"]
[Date "2011.03.13"]
[Round "10.2"]
[White "Meszaros, Lorant"]
[Black "Halas, Miroslav"]
[Result "0-1"]
[WhiteElo "2076"]
[BlackElo "1965"]
[PlyCount "76"]
[EventDate "2010.??.??"]
[WhiteTeam "Slovakia"]
[BlackTeam "II"]
[WhiteTeamCountry "SVK"]
[BlackTeamCountry "SVK"]

1. d4 d5 2. c4 e6 3. Nf3 Nf6 4. g3 Be7 5. Bg2 O-O 6. O-O dxc4 7. Ne5 c5 8. e3
cxd4 9. exd4 Qc7 10. Nc3 a6 11. Bf4 Bd6 12. Qe2 Nc6 13. Rfd1 Rb8 14. Rac1 Na5
15. b4 Nc6 16. b5 Na5 17. h4 b6 18. g4 Nd7 19. Bg3 f6 20. Nc6 Bxg3 21. Qxe6+
Kh8 22. fxg3 Ne5 23. Qd5 Nexc6 24. bxc6 Bxg4 25. Rd2 Qxg3 26. Rdc2 Rbc8 27. Ne4
Qe3+ 28. Kh2 Qf4+ 29. Ng3 b5 30. Rf1 Qc7 31. Qe4 f5 32. Qe1 Nxc6 33. d5 f4 34.
dxc6 fxg3+ 35. Kh1 Rxf1+ 36. Qxf1 Qe7 37. Qf4 Qe1+ 38. Bf1 Bh3 0-1

[Event "SR 3. liga A2 2010/2011"]
[Site "?"]
[Date "2011.03.13"]
[Round "10.2"]
[White "Sebesta, Radovan"]
[Black "Manak, Jozef"]
[Result "1/2-1/2"]
[WhiteElo "2076"]
[BlackElo "2032"]
[PlyCount "72"]
[EventDate "2010.??.??"]
[WhiteTeam "Slovakia"]
[BlackTeam "II"]
[WhiteTeamCountry "SVK"]
[BlackTeamCountry "SVK"]

1. d4 d5 2. c4 e6 3. Nc3 Nf6 4. cxd5 exd5 5. Bg5 Be7 6. e3 O-O 7. Bd3 Nbd7 8.
Qc2 h6 9. Bh4 Re8 10. Nge2 b6 11. O-O Bb7 12. Bg3 Nh5 13. Qb3 Nxg3 14. Nxg3 Nf6
15. Nf5 Bf8 16. Rac1 a6 17. Be2 g6 18. Ng3 Qd7 19. Bf3 h5 20. h3 Red8 21. Rfe1
h4 22. Nf1 Rac8 23. Nh2 Kg7 24. Rc2 Bd6 25. Rec1 Qe6 26. Ne2 b5 27. a4 c6 28.
axb5 axb5 29. Nc3 Ra8 30. e4 Bxh2+ 31. Kxh2 dxe4 32. Qxe6 fxe6 33. Nxe4 Nxe4
34. Bxe4 Rxd4 35. Bxc6 Bxc6 36. Rxc6 Rd2 $11 1/2-1/2

[Event "SR 3. liga A2 2010/2011"]
[Site "?"]
[Date "2011.03.13"]
[Round "10.3"]
[White "Hrubsa, Marian"]
[Black "Liptak, Tomas"]
[Result "0-1"]
[WhiteElo "1979"]
[BlackElo "2073"]
[PlyCount "76"]
[EventDate "2010.??.??"]
[WhiteTeam "Slovakia"]
[BlackTeam "II"]
[WhiteTeamCountry "SVK"]
[BlackTeamCountry "SVK"]

1. e4 d6 2. d4 Nf6 3. Nc3 Nbd7 4. Be3 c6 5. f4 Qb6 6. Rb1 e5 7. Be2 Be7 8. Qd2
Qc7 9. Nh3 exd4 10. Bxd4 b5 11. Bf3 Bb7 12. Nf2 b4 13. Ne2 c5 14. Be3 Nb6 15.
O-O Rd8 16. b3 d5 17. e5 Nfd7 18. c3 a5 19. Rbc1 Qb8 20. Qc2 bxc3 21. Nh3 d4
22. e6 Bxf3 23. Rxf3 fxe6 24. Nxd4 cxd4 25. Bxd4 Bf6 26. Qe4 Qd6 27. Bf2 Qd5
28. Qe2 O-O 29. Rd3 Qc6 30. Qc2 Nd5 31. Be1 Nb4 32. Qe2 Nxd3 33. Qxd3 Nc5 34.
Qe2 Nd3 35. Rc2 Nxe1 36. Qxe1 Rd6 37. g4 Rfd8 38. Nf2 Bd4 0-1

[Event "SR 3. liga A2 2010/2011"]
[Site "?"]
[Date "2011.03.13"]
[Round "10.3"]
[White "Jakubec, Milan"]
[Black "Obdrzalkova, Anita"]
[Result "0-1"]
[WhiteElo "2073"]
[BlackElo "2014"]
[PlyCount "116"]
[EventDate "2010.??.??"]
[WhiteTeam "Slovakia"]
[BlackTeam "II"]
[WhiteTeamCountry "SVK"]
[BlackTeamCountry "SVK"]

1. e4 c5 2. Nf3 d6 3. d4 cxd4 4. Nxd4 Nf6 5. f3 a6 6. c4 g6 7. Be3 Bg7 8. Nc3
O-O 9. Be2 Nc6 10. Qd2 Bd7 11. O-O Re8 12. Rac1 Rc8 13. b3 Qa5 14. Rfd1 Nxd4
15. Bxd4 Bc6 16. Qb2 Bh6 17. Rc2 Qg5 18. Bf2 Nh5 19. h4 Qf4 20. Bd3 Ng3 21. Ne2
Nxe2+ 22. Rxe2 Bg7 23. Qd2 Qe5 24. a4 Bf6 25. g4 h5 26. f4 Qe6 27. f5 Qe5 28.
gxh5 Kh7 29. hxg6+ fxg6 30. fxg6+ Kxg6 31. Qe3 Kf7 32. Bg3 Rg8 33. Rg2 Qc3 34.
Kh2 Rg4 35. Qf3 Rcg8 36. Be2 Rxe4 37. Qh5+ Kf8 38. Rf1 Rxe2 39. Rxf6+ Qxf6 40.
Qxe2 Bxg2 41. Qxg2 Qc3 42. Qh3 Qc2+ 43. Kh1 Qe4+ 44. Kh2 Qe2+ 45. Kh1 Qf3+ 46.
Kh2 Rg4 47. h5 Kg8 48. b4 Kh7 49. c5 Rxb4 50. Qe6 Qxh5+ 51. Kg2 Rb2+ 52. Kg1
Qd1+ 53. Be1 Qd4+ 54. Kh1 Qe5 55. Qh3+ Kg6 56. Qd3+ Qf5 57. Qg3+ Kf7 58. cxd6
Qf1+ 0-1

[Event "SR 3. liga A2 2010/2011"]
[Site "?"]
[Date "2011.03.13"]
[Round "10.3"]
[White "Kovarik, Oto"]
[Black "Dvorsky, Jozef"]
[Result "1/2-1/2"]
[WhiteElo "2025"]
[BlackElo "2024"]
[PlyCount "52"]
[EventDate "2010.??.??"]
[WhiteTeam "Slovakia"]
[BlackTeam "II"]
[WhiteTeamCountry "SVK"]
[BlackTeamCountry "SVK"]

1. e4 c5 2. Nf3 Nc6 3. d4 cxd4 4. Nxd4 e5 5. Nxc6 bxc6 6. c4 Nf6 7. Bd3 Bb4+ 8.
Bd2 Qb6 9. O-O O-O 10. Nc3 Bb7 11. a3 Bxc3 12. Bxc3 Rfe8 13. b4 d5 14. c5 Qc7
15. Qe2 dxe4 16. Bxe4 Nxe4 17. Qxe4 f6 18. Rad1 Ba6 19. Rfe1 Red8 20. g3 Bb5
21. h4 Ba4 22. Rxd8+ Rxd8 23. Qc4+ Qf7 24. Qxf7+ Kxf7 25. Re3 Rd7 26. Kg2 h5
1/2-1/2

[Event "SR 3. liga A2 2010/2011"]
[Site "?"]
[Date "2011.03.13"]
[Round "10.3"]
[White "Kozinka, Roman"]
[Black "Kastler, Peter"]
[Result "1/2-1/2"]
[WhiteElo "2049"]
[BlackElo "1711"]
[PlyCount "48"]
[EventDate "2010.??.??"]
[WhiteTeam "Slovakia"]
[BlackTeam "II"]
[WhiteTeamCountry "SVK"]
[BlackTeamCountry "SVK"]

1. c4 c6 2. Nc3 e6 3. Nf3 d5 4. e3 Nf6 5. Be2 Bd6 6. d4 O-O 7. O-O Nbd7 8. Qc2
b6 9. cxd5 cxd5 10. Nb5 Be7 11. Nc7 Rb8 12. Na6 Rb7 13. Bd2 Nb8 14. Rfc1 Bd6
15. Ne5 Nxa6 16. Bxa6 Rc7 17. Qa4 Bxe5 18. dxe5 Nd7 19. Bxc8 Qxc8 20. Rxc7 Qxc7
21. Rc1 Qb7 22. f4 Nc5 $11 23. Qc2 Ne4 24. Bb4 Rd8 $11 1/2-1/2

[Event "SR 3. liga A2 2010/2011"]
[Site "?"]
[Date "2011.03.13"]
[Round "10.3"]
[White "Mihalik, Anton"]
[Black "Palka, Miroslav"]
[Result "1/2-1/2"]
[WhiteElo "1935"]
[BlackElo "1919"]
[PlyCount "56"]
[EventDate "2010.??.??"]
[WhiteTeam "Slovakia"]
[BlackTeam "II"]
[WhiteTeamCountry "SVK"]
[BlackTeamCountry "SVK"]

1. c4 c5 2. Nc3 Nc6 3. g3 g6 4. Bg2 Bg7 5. Nf3 e6 6. e3 Nge7 7. O-O O-O 8. d4
cxd4 9. Nxd4 Nxd4 10. exd4 d5 11. cxd5 Nxd5 12. Nxd5 exd5 13. Be3 Be6 14. Qb3
Qd7 15. Rfc1 Rfc8 16. Qb4 b6 17. Qd2 Qa4 18. a3 Qb3 19. Bf3 Bf6 20. Bd1 Qb5 21.
Be2 Qa4 22. Bd1 Qd7 23. Be2 Rxc1+ 24. Rxc1 Rc8 25. Rc3 Rxc3 26. Qxc3 Qc8 27.
Qxc8+ Bxc8 28. Kf1 Kf8 1/2-1/2

[Event "SR 3. liga A2 2010/2011"]
[Site "?"]
[Date "2011.03.13"]
[Round "10.3"]
[White "Svoboda, Adam"]
[Black "Szitasi, Janos"]
[Result "1-0"]
[WhiteElo "1925"]
[BlackElo "2020"]
[PlyCount "69"]
[EventDate "2010.??.??"]
[WhiteTeam "Slovakia"]
[BlackTeam "II"]
[WhiteTeamCountry "SVK"]
[BlackTeamCountry "SVK"]

1. e4 c5 2. Nf3 d6 3. d4 cxd4 4. Nxd4 Nf6 5. Nc3 g6 6. Be3 Bg7 7. f3 O-O 8. Qd2
Nc6 9. O-O-O a6 10. g4 Bd7 11. h4 Nxd4 12. Bxd4 Be6 13. h5 Rc8 14. Nd5 Bxd5 15.
exd5 e5 16. dxe6 fxe6 17. hxg6 hxg6 18. Bd3 e5 19. Be3 Qe8 20. Bh6 Qf7 21. Bxg7
Qxg7 22. Rh6 e4 23. Bxe4 Nxe4 24. fxe4 Rc5 25. Rdh1 b5 26. Qh2 Qf6 27. Rxg6+
Qxg6 28. Qh8+ Kf7 29. Rf1+ Ke6 30. Qxf8 Qg5+ 31. Kb1 Qg6 32. Rf5 Rc7 33. g5 Rh7
34. Rf6+ Kd7 35. Qxd6+ 1-0

[Event "SR 3. liga A2 2010/2011"]
[Site "?"]
[Date "2011.03.13"]
[Round "10.4"]
[White "Puobis, Jozef"]
[Black "Jozefovic, Milan"]
[Result "1-0"]
[WhiteElo "1949"]
[BlackElo "1917"]
[PlyCount "65"]
[EventDate "2010.??.??"]
[WhiteTeam "Slovakia"]
[BlackTeam "II"]
[WhiteTeamCountry "SVK"]
[BlackTeamCountry "SVK"]

1. e4 e6 2. Nc3 c6 3. Nf3 Nf6 4. e5 Nd5 5. d4 Nxc3 6. bxc3 d6 7. Bd3 Nd7 8. Bf4
dxe5 9. Nxe5 Nxe5 10. Bxe5 Qg5 11. Qf3 Qe7 12. O-O Qd7 13. Qh5 h6 14. f4 Qe7
15. Rae1 Bd7 16. f5 O-O-O 17. f6 Qa3 18. Qxf7 g5 19. Rb1 a6 20. Rb3 Qa5 21.
Rfb1 b5 22. c4 Ba3 23. cxb5 axb5 24. Bxb5 Rhf8 25. Bxc6 Qxe5 26. Bxd7+ Rxd7 27.
Rb8+ Qxb8 28. Rxb8+ Kc7 29. Rb7+ Kxb7 30. Qxd7+ Kb6 31. Qxe6+ Kc7 32. f7 Rd8
33. Qc4+ 1-0

[Event "SR 3. liga A2 2010/2011"]
[Site "?"]
[Date "2011.03.13"]
[Round "10.4"]
[White "Sarmir, Milos"]
[Black "Londin, Martin"]
[Result "1-0"]
[WhiteElo "2062"]
[BlackElo "1977"]
[PlyCount "83"]
[EventDate "2010.??.??"]
[WhiteTeam "Slovakia"]
[BlackTeam "II"]
[WhiteTeamCountry "SVK"]
[BlackTeamCountry "SVK"]

1. Nf3 d5 2. c4 e6 3. d4 Nf6 4. Bg5 Nbd7 5. e3 c6 6. Nc3 Qa5 7. Bxf6 Nxf6 8.
cxd5 Nxd5 9. Qb3 Bd6 10. Be2 O-O 11. O-O Nf6 12. e4 Bc7 13. Rad1 Rd8 14. e5 Nd5
15. Bd3 g6 16. Ne4 Kg7 17. Bb1 Qb4 18. Qc2 Ne7 19. a3 Qa5 20. Qc1 Ng8 21. Qf4
Rf8 22. h4 f5 23. Neg5 h6 24. Nh3 Bd8 25. g4 Ne7 26. gxf5 Nxf5 27. Qg4 Kf7 28.
Kh1 Bd7 29. Rg1 Rg8 30. Qf4 h5 31. Nhg5+ Ke7 32. Ne4 Be8 33. Nf6 Rg7 34. Bxf5
exf5 35. Qh6 Rf7 36. Rxg6 Bc7 37. Nxe8 Rxe8 38. Re6+ Kd7 39. Rxe8 Kxe8 40. Qxh5
Qd5 41. e6 Kd8 42. exf7 1-0

[Event "SR 3. liga A2 2010/2011"]
[Site "?"]
[Date "2011.03.13"]
[Round "10.4"]
[White "Skapikova, Lubica"]
[Black "Nemsak, Denis"]
[Result "0-1"]
[WhiteElo "1926"]
[BlackElo "1791"]
[PlyCount "64"]
[EventDate "2010.??.??"]
[WhiteTeam "Slovakia"]
[BlackTeam "II"]
[WhiteTeamCountry "SVK"]
[BlackTeamCountry "SVK"]

1. e4 d5 2. exd5 Nf6 3. d4 Nxd5 4. c4 Nb6 5. Nc3 g6 6. Nf3 Bg7 7. Be3 O-O 8.
Be2 Nc6 9. Qd2 e5 10. d5 Ne7 11. Bh6 Bxh6 12. Qxh6 Nf5 13. Qd2 Re8 14. h4 e4
15. Ng5 e3 16. fxe3 Nxe3 17. Kf2 Qf6+ 18. Nf3 Nbxc4 19. Bxc4 Nxc4 20. Qc2 Qb6+
21. Kg3 Ne3 22. Qa4 Qd6+ 23. Kf2 Ng4+ 24. Kf1 Bd7 25. Qd4 Ne3+ 26. Kf2 Nf5 27.
Ne4 Rxe4 28. Qxe4 Qb6+ 29. Nd4 Re8 30. Qd3 Nxd4 31. Kg3 Qd6+ 32. Kf2 Qf4+ 0-1

[Event "SR 3. liga A2 2010/2011"]
[Site "?"]
[Date "2011.03.13"]
[Round "10.4"]
[White "Szekely, Stefan"]
[Black "Krist, Milan"]
[Result "1/2-1/2"]
[WhiteElo "1966"]
[BlackElo "2004"]
[PlyCount "31"]
[EventDate "2010.??.??"]
[WhiteTeam "Slovakia"]
[BlackTeam "II"]
[WhiteTeamCountry "SVK"]
[BlackTeamCountry "SVK"]

1. c4 c5 2. Nc3 Nc6 3. Nf3 Nf6 4. d3 d6 5. g3 e6 6. Bg2 Be7 7. O-O O-O 8. d4
cxd4 9. Nxd4 Nxd4 10. Qxd4 e5 11. Qd3 a6 12. Nd5 Nxd5 13. Bxd5 Qc7 14. Be3 g6
15. Bd2 Bf5 16. e4 $11 1/2-1/2

[Event "SR 3. liga A2 2010/2011"]
[Site "?"]
[Date "2011.03.13"]
[Round "10.4"]
[White "Ujhelyi, Matus"]
[Black "Lajda, Dusan"]
[Result "0-1"]
[WhiteElo "2006"]
[BlackElo "1890"]
[PlyCount "48"]
[EventDate "2010.??.??"]
[WhiteTeam "Slovakia"]
[BlackTeam "II"]
[WhiteTeamCountry "SVK"]
[BlackTeamCountry "SVK"]

1. e4 c5 2. Nf3 d6 3. d4 cxd4 4. Nxd4 Nf6 5. Nc3 e6 6. Be2 a6 7. O-O Qc7 8. Kh1
b5 9. a3 Bb7 10. Qe1 Nbd7 11. f4 Nxe4 12. Nxe4 Bxe4 13. Bxb5 Bxg2+ 14. Kxg2
axb5 15. Nxe6 fxe6 16. Qxe6+ Be7 17. Be3 Qxc2+ 18. Kf3 Qc4 19. Qg4 Nf6 20. Qh3
Rc8 21. Rac1 Qe4+ 22. Kf2 Rxc1 23. Rxc1 O-O 24. b3 Nd5 0-1

[Event "SR 3. liga A2 2010/2011"]
[Site "?"]
[Date "2011.03.13"]
[Round "10.4"]
[White "Valla, Tomas"]
[Black "Sturdik, Igor"]
[Result "0-1"]
[WhiteElo "1790"]
[BlackElo "2022"]
[PlyCount "72"]
[EventDate "2010.??.??"]
[WhiteTeam "Slovakia"]
[BlackTeam "II"]
[WhiteTeamCountry "SVK"]
[BlackTeamCountry "SVK"]

1. e4 Nf6 2. e5 Nd5 3. d4 d6 4. f4 Bf5 5. Bd3 Bxd3 6. Qxd3 dxe5 7. fxe5 Nc6 8.
c3 e6 9. Nf3 Be7 10. O-O O-O 11. Qe4 Qd7 12. c4 f5 13. Qe2 Nb6 14. Be3 Rad8 15.
Nc3 Qe8 16. Rad1 Qh5 17. a3 Na5 18. c5 Nd5 19. Nxd5 Rxd5 20. Qb5 b6 21. b4 Nb7
22. Qc6 Nd8 23. Qxc7 Rf7 24. Qc8 g5 25. cxb6 axb6 26. Qc3 f4 27. Bf2 g4 28. Ne1
g3 29. hxg3 Qxd1 30. Nf3 Qa4 31. gxf4 Rxf4 32. Nd2 Rf7 33. Qg3+ Rg7 34. Qh3 Qc2
35. Nf3 Qf5 36. Qh2 Qxf3 0-1